Normal view
MARC view
- Oswaal Books
Entry Personal Name
001 - CONTROL NUMBER
- control field: 6700
003 - CONTROL NUMBER IDENTIFIER
- control field: OSt
005 - DATE AND TIME OF LATEST TRANSACTION
- control field: 20180308115355.0
008 - FIXED-LENGTH DATA ELEMENTS
- fixed length control field: 180308|| aca||aabn | a|a d
040 ## - CATALOGING SOURCE
- Original cataloging agency: OSt
- Transcribing agency: OSt
100 ## - HEADING--PERSONAL NAME
- Personal name: Oswaal Books
670 ## - SOURCE DATA FOUND
- Source citation: Work cat.: (OSt): Oswaal Books, Question Bank With Com-VIII, 2013